Rebellion 1857 / (Record no. 5397)

MARC details
000 -LEADER
fixed length control field 00572 a2200193 4500
010 ## - LCCN (DPL NO)
LC control number ENG-86837
020 ## - INTERNATIONAL STANDARD BOOK NUMBER
Terms of availability 350.00
International Standard Book Number 8123749365
035 ## - SYSTEM CONTROL NUMBER
System control number EN-70370
037 ## - SOURCE OF ACQUISITION
Source of stock number/acquisition DBAD / PUB
082 14 - DEWEY DECIMAL CLASSIFICATION NUMBER
Classification number 954.083
245 1# - TITLE STATEMENT
Title Rebellion 1857 /
Statement of responsibility, etc ed. by P.C.Joshi ; forwarded by Irfan Habib
260 ## - PUBLICATION, DISTRIBUTION, ETC. (IMPRINT)
Place of publication, distribution, etc New Delhi
Name of publisher, distributor, etc National Book Trust
Date of publication, distribution, etc 2007
270 ## - ADDRESS
Address A-5, Green Park,
City New Delhi
Postal code 110 016
300 ## - PHYSICAL DESCRIPTION
Extent xi, 382 p
Dimensions 22 cm (Hb)
490 ## - SERIES STATEMENT
Series statement Popular Social Science
700 1# - ADDED ENTRY--PERSONAL NAME
Personal name Joshi, P. C.
700 1# - ADDED ENTRY--PERSONAL NAME
Personal name Irfan Habib
942 ## - ADDED ENTRY ELEMENTS (KOHA)
Institution code [OBSOLETE] dpl
Item type English Books
Source of classification or shelving scheme Dewey Decimal Classification
Classification part 954.083
Call number suffix REB
Holdings
Withdrawn status Lost status Not for loan Collection code Home library Current library Source of acquisition Cost, normal purchase price Full call number Barcode Copy number Cost, replacement price Koha item type
    Not For Loan Non-fiction D.B.Act.Division D.B.Act.Division DBAD/PUB 350.00 954.083 REB EN-70370 1 350.00 English Books

© Delhi Public Library
Hit Counter
free hit counter